[Event "It"]
[Site "Dortmund GER"]
[Date "2005.07.09"]
[Round "2"]
[White "Sutovsky, E."]
[Black "Kramnik, V."]
[Result "1-0"]
[WhiteElo "2674"]
[BlackElo "2744"]
[PlyCount "101"]
[EventDate "2005.07.07"]

1. e4 e5 2. Nf3 Nc6 3. Bb5 Nf6 4. d3 d6 5. O-O g6 6. d4 Bd7 7. Re1 Bg7 8. d5
Ne7 9. Bxd7+ Nxd7 10. Be3 $146 (10. a4 {
led to a draw in Morozevich,A-Georgiev,K, Mallorca 2004.}) 10... f5 11. Ng5 Nf8
12. exf5 gxf5 13. f4 Qd7 14. c4 Neg6 15. Nc3 h6 16. Nf3 e4 17. Nd4 h5 18. Ncb5
Kf7 19. Ne6 Nxe6 20. dxe6+ Kxe6 21. Qd5+ Ke7 22. c5 (22. Rad1 {
was a strong alternative}) 22... c6 23. cxd6+ (23. Qxd6+ Qxd6 24. Nxd6) 23...
Kf8 24. Qb3 cxb5 25. Rac1 Qf7 (25... Qxd6 26. Red1 Qf6 27. Rc7 b6 28. Rd6 $18)
26. Qxb5 a6 27. Qb6 Kg8 28. Red1 Kh7 $2 {the losing move.} (28... Qe6) 29. Rc7
Qf8 30. Bd4 Rg8 31. Qxb7 e3 32. Rf7 Rb8 33. Qd7 Rd8 34. Qxf5 Qxf7 35. Qxf7 Rxd6
36. Kf1 Nxf4 37. Qf5+ Rg6 38. Qxf4 (38. Bxe3 Rf8 39. Qe4 Nxg2+ 40. Bf2 Rf4 41.
Qe2 {is also winning, but messier.}) 38... Rf8 39. Qxf8 Bxf8 40. Bxe3 Re6 41.
Kf2 Kg6 42. Rd5 Be7 43. Bc5 Bf6 44. b3 Be5 45. g3 h4 46. gxh4 Bxh2 47. h5+ Kh7
48. Kf3 Be5 49. Rd7+ Kh6 50. Kg4 Bg7 51. Rd6 1-0